000 00299nam a2200109Ia 4500
008 200302s9999 xx 000 0 und d
100 _aHamish Muir
245 _aThe Phaidon Atlas of contemporary world architecture travel edition
260 _bPhaidon Press Ltd.
260 _c2005
300 _a437 P.,
999 _c4180
_d4180